000 00461nab a2200145Ia 4500
003 ES-SlBCS
005 20210601125450.0
008 140529s1982-83 xxu||||| |||| 00| 0 eng d
041 _aeng
100 1 _aNehamas, Alexander
_9132329
245 0 0 _aParticipation and Predication in Plato's Later Thought
_c Alexander Nehamas
600 0 4 _aPlatón-Participación
_9158981
773 0 _tReview of Methaphysics
_gvol. 36, 1982-83, págs. 343-374
_wRev843
942 _cAR
999 _c530788
_d530788